Paroles Busy Woman - Sabrina Carpenter - Statistiques

Statistiques générales
  • Ce quiz a été pris 18 fois
  • Le résultat moyen est 265 sur 311
Statistiques - réponses
Hint Réponse % Correct
a
100%
busy
100%
(Busy
100%
Busy
100%
clothes
100%
don't
100%
I
100%
if
100%
(If
100%
If
100%
love
100%
my
100%
My
100%
need
100%
need)
100%
of
100%
place
100%
To
100%
to
100%
woman
100%
woman)
100%
you
100%
your
100%
and
94%
And
94%
any
94%
anyway
94%
are
94%
Refrain But
94%
didn't
94%
gay
94%
Couplet 1 I'm
94%
just
94%
little
94%
me
94%
off
94%
want
94%
when
94%
so
89%
Couplet 2 So
89%
the
89%
you're
89%
All
83%
coming
83%
I'll
83%
life
83%
over
83%
rest
83%
sensible
83%
that
83%
time
83%
be
78%
bitch-ass
78%
calendar
78%
collected
78%
day
78%
for
78%
For
78%
Yeah
78%
baby
72%
deem
72%
dies
72%
Except
72%
kisses
72%
mature
72%
night
72%
Night
72%
Intro | Post-Refrain Oh
72%
one
72%
perfect
72%
rejection
72%
'Til
72%
us
72%
into
67%
like
67%
Namaste
67%
tell
67%
with
67%
come
61%
down
61%
flexible
61%
get
61%
know
61%
turn
61%
Well
61%
what
61%
yoga
61%
hey!
56%
hit
56%
Maybe
56%
much
56%
scared
56%
someone
56%
super
56%
let
50%
Mrs.
50%
openings
50%
that's
50%
tight
50%
Unless
50%
could
44%
reapply
44%
shave
44%
tonight
44%
unethical
44%
accommodate
39%
call
39%
lipstick
39%
Tantric
39%
though
33%
ooh
28%
wouldn't
28%
Cuz
11%
Aucun quiz correspondant
Distribution des résultats
% des personnes avec chaque résultat
Percentile par nombre de réponses
Votre historique - résultats
Vous n’avez pas pris ce quiz